000 00719nam a22002297a 4500
005 20180630121210.0
008 130730b xxu||||| |||| 00| 0 eng d
010 _aG-002189
020 _a8170582024
_c75.00
035 _aG-002189, A-708788
037 _bGift
040 _adpl
_beng
082 _a181.499
100 _aNirodbaran
245 _aSri Aurobindo for all ages :
_ba biography /
_cby Nirodbaran
260 _aPondicherry
_bAri Aurobindo Ashram
_c2001
270 _aAri Aurobindo Ashram,
_bPondicherry
300 _a241p
_bphoto b&w
_c21cm(pb)
500 _aThis book is donated by Mrs.Shailaja Chandra, ex-chairperson DLB
942 _2ddc
_cEN
_h181.499
_mNIR
999 _c78236
_d78236